[Event "European Chess Club Cup 2023"]
[Site "Durres, Albania"]
[Date "2023.10.06"]
[Round "6.60"]
[White "Willemze, Thomas"]
[Black "Hommerson, Paul"]
[Result "1/2-1/2"]
[TimeControl "90' + 30' & 30\""]
[WhiteElo "2351"]
[BlackElo "2287"]

1. e4 {[%clk 01:30:55]} {[%emt 00:00:03]} e5 {[%clk 01:30:54]} {[%emt
00:00:06]} 2. Nf3 {[%clk 01:31:20]} {[%emt 00:00:06]} Nc6 {[%clk 01:31:18]}
{[%emt 00:00:06]} 3. Nc3 {[%clk 01:31:45]} {[%emt 00:00:05]} Nf6 {[%clk
01:30:38]} {[%emt 00:01:10]} 4. Bb5 {[%clk 01:32:09]} {[%emt 00:00:05]} Bc5
{[%clk 01:29:20]} {[%emt 00:01:49]} 5. O-O {[%clk 01:32:28]} {[%emt 00:00:10]}
O-O {[%clk 01:28:44]} {[%emt 00:01:07]} 6. Nxe5 {[%clk 01:32:48]} {[%emt
00:00:10]} Nxe5 {[%clk 01:27:58]} {[%emt 00:01:16]} 7. d4 {[%clk 01:33:12]}
{[%emt 00:00:05]} Bd6 {[%clk 01:27:39]} {[%emt 00:00:50]} 8. dxe5 {[%clk
01:33:36]} {[%emt 00:00:06]} Bxe5 {[%clk 01:27:59]} {[%emt 00:00:10]} 9. Bd3
{[%clk 01:33:58]} {[%emt 00:00:08]} Re8 {[%clk 01:20:38]} {[%emt 00:07:52]} 10.
Bg5 {[%clk 01:33:32]} {[%emt 00:00:55]} c6 {[%clk 01:09:57]} {[%emt 00:11:11]}
11. Kh1 {[%clk 01:32:16]} {[%emt 00:01:45]} Qa5 {[%clk 00:57:34]} {[%emt
00:12:53]} 12. f4 {[%clk 01:01:23]} {[%emt 00:31:24]} Bxc3 {[%clk 00:55:55]}
{[%emt 00:02:10]} 13. e5 {[%clk 01:01:20]} {[%emt 00:00:32]} Bxe5 {[%clk
00:18:17]} {[%emt 00:38:08]} 14. fxe5 {[%clk 01:00:33]} {[%emt 00:01:17]} Qxe5
{[%clk 00:18:38]} {[%emt 00:00:08]} 15. Bxf6 {[%clk 00:32:16]} {[%emt
00:28:48]} gxf6 {[%clk 00:19:05]} {[%emt 00:00:03]} 16. Qd2 {[%clk 00:31:07]}
{[%emt 00:01:38]} Qg5 {[%clk 00:17:47]} {[%emt 00:01:49]} 17. Qb4 {[%clk
00:27:46]} {[%emt 00:03:51]} d5 {[%clk 00:12:47]} {[%emt 00:05:29]} 18. Rf3
{[%clk 00:27:16]} {[%emt 00:01:00]} a5 {[%clk 00:12:23]} {[%emt 00:00:54]} 19.
Qd4 {[%clk 00:26:38]} {[%emt 00:01:08]} Qe5 {[%clk 00:10:09]} {[%emt 00:02:44]}
20. Qh4 {[%clk 00:26:24]} {[%emt 00:00:44]} h5 {[%clk 00:09:42]} {[%emt
00:00:59]} 21. Raf1 {[%clk 00:22:15]} {[%emt 00:04:38]} c5 {[%clk 00:05:37]}
{[%emt 00:04:34]} 22. Rxf6 {[%clk 00:21:07]} {[%emt 00:01:38]} c4 {[%clk
00:05:54]} {[%emt 00:00:13]} 23. Bf5 {[%clk 00:19:50]} {[%emt 00:01:47]} Ra6
{[%clk 00:05:54]} {[%emt 00:00:31]} 24. Qg5+ {[%clk 00:17:20]} {[%emt
00:02:59]} Kf8 {[%clk 00:06:23]} {[%emt 00:00:02]} 25. Rxf7+ {[%clk 00:12:15]}
{[%emt 00:05:34]} Kxf7 {[%clk 00:06:52]} {[%emt 00:00:02]} 26. Bd7+ {[%clk
00:12:20]} {[%emt 00:00:25]} Rf6 {[%clk 00:06:02]} {[%emt 00:01:20]} 27. Bxe8+
{[%clk 00:09:39]} {[%emt 00:03:11]} Ke6 {[%clk 00:06:31]} {[%emt 00:00:01]} 28.
Qxe5+ {[%clk 00:06:20]} {[%emt 00:03:49]} Kxe5 {[%clk 00:07:00]} 29. Re1+
{[%clk 00:06:44]} {[%emt 00:00:06]} Kd4 {[%clk 00:05:41]} {[%emt 00:01:49]} 30.
Bxh5 {[%clk 00:07:11]} {[%emt 00:00:03]} Rf2 {[%clk 00:05:16]} {[%emt
00:00:55]} 31. Bg6 {[%clk 00:06:30]} {[%emt 00:01:11]} b5 {[%clk 00:03:23]}
{[%emt 00:02:23]} 32. Kg1 {[%clk 00:06:58]} {[%emt 00:00:02]} Rf6 {[%clk
00:03:21]} {[%emt 00:00:31]} 33. c3+ {[%clk 00:04:42]} {[%emt 00:02:46]} Kc5
{[%clk 00:03:42]} {[%emt 00:00:10]} 34. Bh5 {[%clk 00:05:09]} {[%emt 00:00:03]}
b4 {[%clk 00:03:49]} {[%emt 00:00:22]} 35. Bf3 {[%clk 00:05:24]} {[%emt
00:00:16]} bxc3 {[%clk 00:02:15]} {[%emt 00:02:04]} 36. bxc3 {[%clk 00:05:52]}
{[%emt 00:00:01]} Bb7 {[%clk 00:01:11]} {[%emt 00:01:34]} 37. h4 {[%clk
00:05:29]} {[%emt 00:00:53]} Rf7 {[%clk 00:00:43]} {[%emt 00:00:59]} 38. Rb1
{[%clk 00:04:03]} {[%emt 00:01:56]} d4 {[%clk 00:00:37]} {[%emt 00:00:36]} 39.
cxd4+ {[%clk 00:03:14]} {[%emt 00:01:20]} Kxd4 {[%clk 00:01:05]} {[%emt
00:00:02]} 40. Bxb7 {[%clk 00:03:19]} {[%emt 00:00:24]} c3 {[%clk 00:01:18]}
{[%emt 00:00:16]} 41. Rd1+ {[%clk 00:02:01]} {[%emt 00:01:48]} Ke3 {[%clk
00:28:04]} {[%emt 00:03:43]} 42. Ba6 {[%clk 00:22:47]} {[%emt 00:09:45]} c2
{[%clk 00:25:25]} {[%emt 00:03:10]} 43. Rd3+ {[%clk 00:23:07]} {[%emt
00:00:09]} Ke2 {[%clk 00:25:21]} {[%emt 00:00:34]} 44. Rd5+ {[%clk 00:13:21]}
{[%emt 00:10:16]} Ke3 {[%clk 00:22:39]} {[%emt 00:03:12]} 45. Rc5 {[%clk
00:12:02]} {[%emt 00:01:49]} Kd2 {[%clk 00:21:17]} {[%emt 00:01:51]} 46. h5
{[%clk 00:11:42]} {[%emt 00:00:51]} Rf5 {[%clk 00:15:33]} {[%emt 00:06:14]} 47.
Rxc2+ {[%clk 00:12:01]} {[%emt 00:00:12]} Kxc2 {[%clk 00:16:01]} {[%emt
00:00:02]} 48. g4 {[%clk 00:12:06]} {[%emt 00:00:25]} Rf4 {[%clk 00:08:54]}
{[%emt 00:07:36]} 49. Bc8 {[%clk 00:12:23]} {[%emt 00:00:12]} Kd3 {[%clk
00:06:56]} {[%emt 00:02:29]} 50. Kg2 {[%clk 00:12:26]} {[%emt 00:00:28]} Ke4
{[%clk 00:05:30]} {[%emt 00:01:54]} 51. h6 {[%clk 00:09:40]} {[%emt 00:03:17]}
Rf8 {[%clk 00:05:10]} {[%emt 00:00:50]} 52. Bd7 {[%clk 00:08:20]} {[%emt
00:01:50]} Kf4 {[%clk 00:04:14]} {[%emt 00:01:26]} 53. h7 {[%clk 00:07:53]}
{[%emt 00:00:58]} Rh8 {[%clk 00:03:58]} {[%emt 00:00:44]} 54. Bf5 {[%clk
00:07:53]} {[%emt 00:00:31]} Kg5 {[%clk 00:03:46]} {[%emt 00:00:43]} 55. Kf3
{[%clk 00:05:11]} {[%emt 00:03:12]} Kf6 {[%clk 00:03:52]} {[%emt 00:00:19]} 56.
Kf4 {[%clk 00:05:18]} {[%emt 00:00:28]} Kg7 {[%clk 00:03:28]} {[%emt 00:00:53]}
57. g5 {[%clk 00:05:40]} {[%emt 00:00:08]} Rd8 {[%clk 00:03:29]} {[%emt
00:00:28]} 58. g6 {[%clk 00:06:05]} {[%emt 00:00:06]} Rd2 {[%clk 00:03:32]}
{[%emt 00:00:26]} 59. Be6 {[%clk 00:05:54]} {[%emt 00:00:43]} a4 {[%clk
00:02:46]} {[%emt 00:01:15]} 60. Ke3 {[%clk 00:05:52]} {[%emt 00:00:32]} Rd6
{[%clk 00:02:47]} {[%emt 00:00:27]} 61. Bf7 {[%clk 00:06:06]} {[%emt 00:00:18]}
a3 {[%clk 00:02:58]} {[%emt 00:00:18]} 62. Ke4 {[%clk 00:06:32]} {[%emt
00:00:06]} Rd2 {[%clk 00:03:15]} {[%emt 00:00:10]} 63. Ke5 {[%clk 00:06:59]}
{[%emt 00:00:05]} Rd1 {[%clk 00:03:22]} {[%emt 00:00:23]} 64. Bd5 {[%clk
00:06:56]} {[%emt 00:00:34]} Rg1 {[%clk 00:03:18]} {[%emt 00:00:31]} 65. Bf7
{[%clk 00:06:42]} {[%emt 00:00:46]} Rd1 {[%clk 00:03:40]} {[%emt 00:00:06]} 66.
Ke4 {[%clk 00:06:10]} {[%emt 00:01:05]} Rd8 {[%clk 00:03:51]} {[%emt 00:00:17]}
67. Ke5 {[%clk 00:05:48]} {[%emt 00:00:54]} Rd1 {[%clk 00:03:58]} {[%emt
00:00:20]} 68. Be6 {[%clk 00:03:44]} {[%emt 00:02:36]} Rd8 {[%clk 00:03:32]}
{[%emt 00:00:54]} 69. Kf5 {[%clk 00:03:17]} {[%emt 00:00:59]} Rd2 {[%clk
00:03:45]} {[%emt 00:00:14]} 70. Bf7 {[%clk 00:03:26]} {[%emt 00:00:24]} Rd6
{[%clk 00:03:43]} {[%emt 00:00:31]} 1/2-1/2

[Event "European Chess Club Cup 2023"]
[Site "Durres, Albania"]
[Date "2023.10.06"]
[Round "6.61"]
[White "Heimann, Andreas"]
[Black "Pultinevicius, Paulius"]
[Result "1/2-1/2"]
[TimeControl "90' + 30' & 30\""]
[WhiteElo "2552"]
[BlackElo "2586"]

1. e4 {[%clk 01:30:56]} {[%emt 00:00:03]} c6 {[%clk 01:30:56]} {[%emt
00:00:05]} 2. Nc3 {[%clk 01:31:02]} {[%emt 00:00:24]} d5 {[%clk 01:31:21]}
{[%emt 00:00:05]} 3. Nf3 {[%clk 01:31:29]} {[%emt 00:00:02]} Bg4 {[%clk
01:31:45]} {[%emt 00:00:07]} 4. h3 {[%clk 01:31:55]} {[%emt 00:00:04]} Bxf3
{[%clk 01:32:11]} {[%emt 00:00:04]} 5. Qxf3 {[%clk 01:32:19]} {[%emt 00:00:05]}
e6 {[%clk 01:32:36]} {[%emt 00:00:06]} 6. d4 {[%clk 01:31:33]} {[%emt
00:01:16]} dxe4 {[%clk 01:33:01]} {[%emt 00:00:05]} 7. Qxe4 {[%clk 01:30:59]}
{[%emt 00:01:04]} Nf6 {[%clk 01:33:26]} {[%emt 00:00:05]} 8. Qd3 {[%clk
01:31:08]} {[%emt 00:00:21]} Be7 {[%clk 01:33:11]} {[%emt 00:00:44]} 9. Be2
{[%clk 01:31:22]} {[%emt 00:00:17]} O-O {[%clk 01:33:31]} {[%emt 00:00:09]} 10.
O-O {[%clk 01:31:23]} {[%emt 00:00:30]} Qc7 {[%clk 01:33:31]} {[%emt 00:00:31]}
11. Ne4 {[%emt 00:02:40]} Rd8 {[%clk 01:33:40]} 12. c3 {[%clk 01:29:08]} {[%emt
00:00:55]} Nbd7 {[%clk 01:33:06]} {[%emt 00:01:04]} 13. Nxf6+ {[%clk 01:26:40]}
{[%emt 00:02:57]} Nxf6 {[%clk 01:33:12]} {[%emt 00:00:25]} 14. Qf3 {[%clk
01:26:42]} {[%emt 00:00:28]} Nd5 {[%clk 01:29:16]} {[%emt 00:04:26]} 15. Bd2
{[%clk 01:23:30]} {[%emt 00:03:42]} a5 {[%clk 01:28:41]} {[%emt 00:01:04]} 16.
Rad1 {[%clk 01:21:22]} {[%emt 00:02:38]} b5 {[%clk 01:26:38]} {[%emt 00:02:34]}
17. Bd3 {[%clk 01:20:55]} {[%emt 00:00:58]} Bf6 {[%clk 01:26:37]} {[%emt
00:00:31]} 18. Rfe1 {[%clk 01:20:46]} {[%emt 00:00:38]} Rd7 {[%clk 01:22:13]}
{[%emt 00:04:55]} 19. h4 {[%clk 01:19:34]} {[%emt 00:01:41]} Qd8 {[%clk
01:21:26]} {[%emt 00:01:18]} 20. g3 {[%clk 01:18:17]} {[%emt 00:01:46]} b4
{[%clk 01:20:10]} {[%emt 00:01:46]} 21. Be4 {[%clk 01:17:14]} {[%emt 00:01:33]}
Rc8 {[%clk 01:13:27]} {[%emt 00:07:13]} 22. a3 {[%clk 01:06:25]} {[%emt
00:11:19]} c5 {[%clk 01:11:00]} {[%emt 00:02:57]} 23. axb4 {[%clk 01:04:07]}
{[%emt 00:02:48]} cxb4 {[%clk 01:06:52]} {[%emt 00:04:39]} 24. Ra1 {[%clk
01:01:50]} {[%emt 00:02:47]} h6 {[%clk 00:56:20]} {[%emt 00:11:01]} 25. Rec1
{[%clk 00:52:56]} {[%emt 00:09:23]} bxc3 {[%clk 00:50:46]} {[%emt 00:06:05]} 26.
bxc3 {[%clk 00:53:06]} {[%emt 00:00:20]} Nb6 {[%clk 00:51:10]} {[%emt
00:00:07]} 27. Bf4 {[%clk 00:46:36]} {[%emt 00:06:59]} Nd5 {[%clk 00:51:12]}
{[%emt 00:00:29]} 28. Bd2 {[%clk 00:47:02]} {[%emt 00:00:03]} Nb6 {[%clk
00:49:58]} {[%emt 00:01:44]} 29. Bf4 {[%clk 00:47:25]} {[%emt 00:00:07]} Nd5
{[%clk 00:46:43]} {[%emt 00:03:46]} 30. Bd2 {[%clk 00:47:45]} {[%emt 00:00:09]}
Nb6 {[%clk 00:45:35]} {[%emt 00:01:38]} 1/2-1/2

[Event "European Chess Club Cup 2023"]
[Site "Durres, Albania"]
[Date "2023.10.06"]
[Round "6.62"]
[White "Klabis, Rokas"]
[Black "Demuth, Adrien"]
[Result "0-1"]
[TimeControl "90' + 30' & 30\""]
[WhiteElo "2419"]
[BlackElo "2484"]

1. e4 {[%clk 01:30:57]} {[%emt 00:00:03]} g6 {[%clk 01:30:51]} {[%emt
00:00:10]} 2. d4 {[%clk 01:31:09]} {[%emt 00:00:17]} Bg7 {[%clk 01:31:16]}
{[%emt 00:00:06]} 3. Nc3 {[%clk 01:31:15]} {[%emt 00:00:24]} d6 {[%clk
01:31:17]} {[%emt 00:00:28]} 4. Be3 {[%clk 01:30:30]} {[%emt 00:01:15]} a6
{[%clk 01:31:31]} {[%emt 00:00:16]} 5. h4 {[%clk 01:27:55]} {[%emt 00:03:06]}
Nf6 {[%clk 01:26:16]} {[%emt 00:05:45]} 6. Be2 {[%clk 01:23:36]} {[%emt
00:04:49]} h5 {[%clk 01:20:33]} {[%emt 00:06:13]} 7. f3 {[%clk 01:21:23]}
{[%emt 00:02:43]} b5 {[%clk 01:15:09]} {[%emt 00:05:54]} 8. a4 {[%clk
01:12:04]} {[%emt 00:09:49]} b4 {[%clk 01:13:46]} {[%emt 00:01:53]} 9. Na2
{[%clk 01:12:16]} {[%emt 00:00:17]} a5 {[%clk 01:13:12]} {[%emt 00:01:04]} 10.
c3 {[%clk 01:11:14]} {[%emt 00:01:33]} bxc3 {[%clk 01:08:41]} {[%emt 00:05:01]}
11. Nxc3 {[%clk 01:10:49]} {[%emt 00:00:55]} O-O {[%clk 00:58:16]} {[%emt
00:10:55]} 12. Nh3 {[%clk 01:04:29]} {[%emt 00:06:51]} Nbd7 {[%clk 00:48:26]}
{[%emt 00:10:19]} 13. Rc1 {[%clk 00:57:58]} {[%emt 00:07:01]} c6 {[%clk
00:47:42]} {[%emt 00:01:14]} 14. f4 {[%clk 00:45:48]} {[%emt 00:12:40]} Rb8
{[%clk 00:39:54]} {[%emt 00:08:18]} 15. Rc2 {[%clk 00:44:29]} {[%emt 00:01:49]}
Ng4 {[%clk 00:31:42]} {[%emt 00:08:42]} 16. Bxg4 {[%clk 00:29:22]} {[%emt
00:15:37]} hxg4 {[%clk 00:31:32]} {[%emt 00:00:40]} 17. Nf2 {[%clk 00:29:49]}
{[%emt 00:00:03]} g3 {[%clk 00:29:54]} {[%emt 00:02:09]} 18. Nh3 {[%clk
00:26:03]} {[%emt 00:04:15]} Nf6 {[%clk 00:22:29]} {[%emt 00:07:55]} 19. Qf3
{[%clk 00:19:14]} {[%emt 00:07:19]} Ng4 {[%clk 00:16:33]} {[%emt 00:06:26]} 20.
Qxg3 {[%clk 00:08:42]} {[%emt 00:11:01]} c5 {[%clk 00:14:43]} {[%emt 00:02:21]}
21. Nb5 {[%clk 00:06:26]} {[%emt 00:02:46]} Nxe3 {[%clk 00:11:34]} {[%emt
00:03:39]} 22. Qxe3 {[%clk 00:06:55]} {[%emt 00:00:01]} cxd4 {[%clk 00:11:46]}
{[%emt 00:00:18]} 23. Qg3 {[%clk 00:07:01]} {[%emt 00:00:24]} Bb7 {[%clk
00:05:44]} {[%emt 00:06:32]} 24. Ng5 {[%clk 00:05:21]} {[%emt 00:02:10]} Rc8
{[%clk 00:06:10]} {[%emt 00:00:04]} 25. Kd1 {[%clk 00:05:26]} {[%emt 00:00:25]}
Rxc2 {[%clk 00:04:24]} {[%emt 00:02:16]} 26. Kxc2 {[%clk 00:05:55]} {[%emt
00:00:01]} Qc8+ {[%clk 00:04:11]} {[%emt 00:00:43]} 27. Kb1 {[%clk 00:05:20]}
{[%emt 00:01:05]} Qc4 {[%clk 00:03:42]} {[%emt 00:00:59]} 28. e5 {[%clk
00:01:50]} {[%emt 00:04:00]} dxe5 {[%clk 00:01:59]} {[%emt 00:02:13]} 29. fxe5
{[%clk 00:02:13]} {[%emt 00:00:06]} Qxa4 {[%clk 00:01:31]} {[%emt 00:00:58]} 30.
h5 {[%clk 00:01:34]} {[%emt 00:01:10]} Qxb5 {[%clk 00:01:08]} {[%emt 00:00:53]}
31. hxg6 {[%clk 00:00:49]} {[%emt 00:01:15]} fxg6 {[%clk 00:01:37]} 32. Qh4
{[%clk 00:00:37]} {[%emt 00:00:43]} Qd3+ {[%clk 00:01:12]} {[%emt 00:00:55]} 33.
Ka1 {[%clk 00:01:00]} {[%emt 00:00:06]} Rf1+ {[%clk 00:01:37]} {[%emt
00:00:05]} 34. Rxf1 {[%clk 00:01:28]} {[%emt 00:00:03]} Qxf1+ {[%clk 00:02:03]}
{[%emt 00:00:03]} 35. Ka2 {[%clk 00:01:55]} {[%emt 00:00:03]} Bd5+ {[%clk
00:02:11]} {[%emt 00:00:22]} 36. b3 {[%clk 00:02:23]} {[%emt 00:00:03]} Qd3
{[%clk 00:01:46]} {[%emt 00:00:54]} 0-1

[Event "European Chess Club Cup 2023"]
[Site "Durres, Albania"]
[Date "2023.10.06"]
[Round "6.63"]
[White "Brunner, Nicolas"]
[Black "Sakalauskas, Vaidas"]
[Result "1-0"]
[TimeControl "90' + 30' & 30\""]
[WhiteElo "2425"]
[BlackElo "2344"]

1. d4 {[%clk 01:30:58]} d5 {[%clk 01:30:41]} {[%emt 00:00:20]} 2. c4 {[%clk
01:31:23]} {[%emt 00:00:05]} e6 {[%clk 01:30:53]} {[%emt 00:00:17]} 3. Nf3
{[%clk 01:31:49]} {[%emt 00:00:05]} a6 {[%clk 01:30:42]} {[%emt 00:00:41]} 4.
Bg5 {[%clk 01:31:48]} {[%emt 00:00:30]} Be7 {[%clk 01:30:04]} {[%emt 00:01:09]}
5. Bxe7 {[%clk 01:32:13]} {[%emt 00:00:06]} Qxe7 {[%clk 01:29:32]} {[%emt
00:01:01]} 6. Nbd2 {[%clk 01:32:33]} {[%emt 00:00:10]} Nf6 {[%clk 01:29:19]}
{[%emt 00:00:43]} 7. g3 {[%clk 01:32:55]} {[%emt 00:00:08]} O-O {[%clk
01:24:03]} {[%emt 00:05:45]} 8. Bg2 {[%clk 01:33:11]} {[%emt 00:00:14]} Nbd7
{[%clk 01:12:00]} {[%emt 00:12:34]} 9. Rc1 {[%clk 01:28:34]} {[%emt 00:05:08]}
c5 {[%clk 01:02:07]} {[%emt 00:10:23]} 10. cxd5 {[%clk 01:26:34]} {[%emt
00:02:30]} exd5 {[%clk 00:58:55]} {[%emt 00:03:41]} 11. dxc5 {[%clk 01:24:20]}
{[%emt 00:02:44]} Nxc5 {[%clk 00:59:07]} {[%emt 00:00:18]} 12. O-O {[%clk
01:21:46]} {[%emt 00:03:03]} Be6 {[%clk 00:53:39]} {[%emt 00:05:59]} 13. Nd4
{[%clk 01:15:26]} {[%emt 00:06:50]} Rac8 {[%clk 00:53:20]} {[%emt 00:00:48]} 14.
N2f3 {[%clk 01:13:52]} {[%emt 00:02:05]} Nfe4 {[%clk 00:40:41]} {[%emt
00:13:09]} 15. Nxe6 {[%clk 00:48:45]} {[%emt 00:25:37]} fxe6 {[%clk 00:37:46]}
{[%emt 00:03:25]} 16. Qd4 {[%clk 00:49:06]} {[%emt 00:00:09]} Qf6 {[%clk
00:34:08]} {[%emt 00:04:08]} 17. Rc2 {[%clk 00:47:17]} {[%emt 00:02:18]} Qxd4
{[%clk 00:19:10]} {[%emt 00:15:29]} 18. Nxd4 {[%clk 00:47:38]} {[%emt
00:00:09]} e5 {[%clk 00:19:24]} {[%emt 00:00:16]} 19. Nf3 {[%clk 00:46:34]}
{[%emt 00:01:35]} Rce8 {[%clk 00:18:09]} {[%emt 00:01:44]} 20. Nd2 {[%clk
00:41:21]} {[%emt 00:05:43]} b6 {[%clk 00:15:25]} {[%emt 00:03:15]} 21. b4
{[%clk 00:36:28]} {[%emt 00:05:22]} Ne6 {[%clk 00:15:36]} {[%emt 00:00:18]} 22.
Nxe4 {[%clk 00:36:24]} {[%emt 00:00:35]} Nd4 {[%clk 00:15:36]} {[%emt
00:00:29]} 23. Rd2 {[%clk 00:35:46]} {[%emt 00:01:09]} dxe4 {[%clk 00:15:59]}
{[%emt 00:00:07]} 24. Bxe4 {[%clk 00:36:08]} {[%emt 00:00:08]} Rd8 {[%clk
00:08:14]} {[%emt 00:08:15]} 25. Kg2 {[%clk 00:35:51]} {[%emt 00:00:47]} Nb5
{[%clk 00:08:38]} {[%emt 00:00:07]} 26. Rfd1 {[%clk 00:31:11]} {[%emt
00:05:09]} Rxd2 {[%clk 00:07:47]} {[%emt 00:01:22]} 27. Rxd2 {[%clk 00:31:36]}
{[%emt 00:00:04]} Nc3 {[%clk 00:08:07]} {[%emt 00:00:10]} 28. Bb7 {[%clk
00:28:13]} {[%emt 00:03:53]} a5 {[%clk 00:08:08]} {[%emt 00:00:29]} 29. bxa5
{[%clk 00:28:10]} {[%emt 00:00:34]} bxa5 {[%clk 00:08:36]} {[%emt 00:00:01]} 30.
Rc2 {[%emt 00:05:27]} Rb8 {[%clk 00:06:19]} 31. Ba6 {[%clk 00:22:56]} {[%emt
00:03:35]} Na4 {[%clk 00:06:06]} {[%emt 00:00:42]} 32. Rc7 {[%clk 00:19:44]}
{[%emt 00:03:43]} g6 {[%emt 00:01:48]} 33. Re7 {[%clk 00:19:14]} Rb2 {[%clk
00:05:22]} {[%emt 00:00:55]} 34. Rxe5 {[%clk 00:17:52]} {[%emt 00:01:52]} Nc3
{[%clk 00:05:45]} {[%emt 00:00:07]} 35. a3 {[%clk 00:13:55]} {[%emt 00:04:27]}
a4 {[%clk 00:05:47]} {[%emt 00:00:28]} 36. Re3 {[%clk 00:11:06]} {[%emt
00:03:19]} Rc2 {[%clk 00:05:34]} {[%emt 00:00:44]} 37. Re8+ {[%clk 00:10:24]}
{[%emt 00:01:11]} Kg7 {[%clk 00:05:06]} {[%emt 00:00:57]} 38. Rc8 {[%clk
00:10:37]} {[%emt 00:00:18]} Rc1 {[%clk 00:05:11]} {[%emt 00:00:26]} 39. e3
{[%clk 00:09:57]} {[%emt 00:01:09]} Kf6 {[%clk 00:05:06]} {[%emt 00:00:35]} 40.
Bb5 {[%clk 00:08:39]} {[%emt 00:01:48]} Rb1 {[%clk 00:04:18]} {[%emt 00:01:18]}
41. Rxc3 {[%clk 00:08:41]} {[%emt 00:00:28]} Rxb5 {[%clk 00:04:39]} {[%emt
00:00:09]} 42. Rc4 {[%clk 00:09:06]} {[%emt 00:00:05]} Ra5 {[%clk 00:05:01]}
{[%emt 00:00:08]} 43. f4 {[%clk 00:07:37]} {[%emt 00:01:58]} h5 {[%clk
00:05:11]} {[%emt 00:00:20]} 44. Kf3 {[%clk 00:07:25]} {[%emt 00:00:42]} Ke6
{[%clk 00:04:10]} {[%emt 00:01:31]} 45. Rd4 {[%clk 00:05:35]} {[%emt 00:02:21]}
Ra6 {[%clk 00:03:59]} {[%emt 00:00:41]} 46. h3 {[%clk 00:05:33]} {[%emt
00:00:33]} Ra5 {[%clk 00:04:19]} {[%emt 00:00:10]} 47. g4 {[%clk 00:04:56]}
{[%emt 00:01:06]} hxg4+ {[%clk 00:04:28]} {[%emt 00:00:21]} 48. hxg4 {[%clk
00:05:20]} {[%emt 00:00:06]} Kf6 {[%clk 00:04:47]} {[%emt 00:00:11]} 49. g5+
{[%clk 00:04:14]} {[%emt 00:01:36]} Ke6 {[%clk 00:05:05]} {[%emt 00:00:12]} 50.
e4 {[%clk 00:03:48]} {[%emt 00:00:56]} Ra6 {[%clk 00:05:15]} {[%emt 00:00:21]}
51. Kg4 {[%clk 00:03:43]} {[%emt 00:00:34]} Ra5 {[%clk 00:05:36]} {[%emt
00:00:09]} 52. Rc4 {[%clk 00:03:12]} {[%emt 00:01:01]} Ra6 {[%clk 00:05:54]}
{[%emt 00:00:12]} 53. Rb4 {[%clk 00:03:33]} {[%emt 00:00:09]} Ra5 {[%clk
00:06:15]} {[%emt 00:00:09]} 54. Rb6+ {[%clk 00:02:35]} {[%emt 00:01:28]} Kf7
{[%clk 00:06:44]} {[%emt 00:00:01]} 55. Rb7+ {[%clk 00:02:52]} {[%emt
00:00:13]} Kg8 {[%clk 00:06:58]} {[%emt 00:00:15]} 56. Rb4 {[%clk 00:01:25]}
{[%emt 00:01:58]} Kf7 {[%clk 00:06:24]} {[%emt 00:01:04]} 57. f5 {[%clk
00:01:40]} {[%emt 00:00:15]} Ra7 {[%clk 00:06:45]} {[%emt 00:00:09]} 58. Kf4
{[%clk 00:01:52]} {[%emt 00:00:18]} Kg7 {[%clk 00:06:40]} {[%emt 00:00:34]} 59.
Rb6 {[%clk 00:01:42]} {[%emt 00:00:41]} gxf5 {[%clk 00:06:57]} {[%emt
00:00:13]} 60. exf5 {[%clk 00:02:10]} {[%emt 00:00:03]} 1-0